000 00918nam a2200253Ia 4500
003 OSt
005 20220923215452.0
006 a|||||r|||| 00| 0
007 ta
008 220922b |||||||| |||| 00| 0 hin d
024 _a179,040
037 _cTextual
040 _aARTS
_cARTS
_bhin
041 _2hin
_ahin
082 _aO152,1M89:g(S:5), L8
100 _aशास्त्री, सोरन सिंह
245 0 _aप्रसाद साहित्य में उदात्त तत्व
246 _aPrasād sāhitya mean udātta tatva
260 _aदिल्ली
_b लेाकभारती वाणी प्रकाशन
_c1978
300 _a208 पृ.
_ccm.
650 _aहिन्दी साहित्य
_9156264
942 _hO152,1M89:g(S:5), L8
_cTEXL
_2CC
999 _c332421
_d332421